00761nam a2200217Ia 4500003000900000008004100009020001600050040001600066080001500082100002600097245011400123260003500237300001300272490003200285650004100317650002400358700002300382942000700405999001500412952011600427IN-BaIIA211028s9999 xx 000 0 eng d a412-11650-2 cIIA Library a539.2bDRI aDrickamer, H. G97514 0aElectronic transitions and the high pressure chemistry and physics of solidscH. G. Drickamer and C. W. Frank aLondonbChapman and Hallc1973 ax, 220p. aStudies in chemical physics aAstronomy and astrophysics thesaurus aSolid state physics aFrank, C. W.97515 cBK c4272d4272 00104070aBANbBANcGENd1973-09-10g90.00l0o539.2/ DRIp4769r2021-11-05v90.00w1973-09-10yBKGRs. 90.00